Statistics for Biggest Cities in Countries Starting with 'I'

Click here to take the quiz!

General Stats

  • This quiz has been taken 77 times
    (38 since last reset)
  • The average score is 13 of 15

Answer Stats

PopulationCountryCity% Correct
30,300,000IndiaDelhi
100%
31,300,000IndonesiaJakarta
100%
25,100,000IndiaMumbai
100%
16,800,000IndiaKolkata
97%
15,300,000IranTehran
97%
7,000,000IraqBaghdad
91%
8,500,000IndiaAhmedabad
85%
12,200,000IndiaBangalore
85%
11,300,000IndiaChennai
85%
10,200,000IndiaHyderabad
85%
6,100,000IndonesiaSurabaya
82%
5,600,000Ivory CoastAbidjan
79%
6,900,000IndiaPune
76%
6,940,000IndonesiaBandung
73%
6,600,000IndiaSurat
58%

Score Distribution

Percentile by Number Answered

Percent of People with Each Score

Your Score History

You have not taken this quiz since the last reset